Countries of the World in Alphabetical Order - Sudden Death - Statistics

General Stats
  • This quiz has been taken 990 times
  • The average score is 27 of 196
Answer Stats
Country % Correct
Afghanistan
81%
Albania
71%
Algeria
58%
Andorra
53%
Antigua and Barbuda
51%
Argentina
51%
Australia
51%
Angola
50%
Austria
50%
Azerbaijan
50%
Armenia
48%
Bahamas
42%
Bahrain
39%
Barbados
37%
Bangladesh
35%
Belgium
32%
Belarus
31%
Belize
30%
Bolivia
29%
Brazil
28%
Hungary
28%
Benin
27%
Haiti
27%
Bhutan
26%
Bosnia and Herzegovina
26%
Honduras
26%
Botswana
25%
Bulgaria
25%
Brunei
24%
Burundi
24%
Democratic Republic of the {Congo}
24%
Denmark
24%
Jamaica
24%
Burkina Faso
23%
Djibouti
23%
Dominica
23%
Japan
23%
Jordan
22%
Cambodia
21%
Canada
21%
Iceland
20%
Cameroon
19%
Kiribati
19%
Qatar
19%
Ireland
18%
Italy
18%
Kenya
18%
Kosovo
18%
Federated States of {Micronesia}
16%
Ivory Coast
16%
Kazakhstan
16%
Kyrgyzstan
16%
Oman
16%
Republic of the {Congo}
16%
Fiji
15%
Finland
15%
France
15%
India
15%
Indonesia
15%
Iran
15%
Iraq
15%
Kuwait
15%
Rwanda
15%
Yemen
15%
Cape Verde
14%
Chile
14%
Colombia
14%
Guinea-{Bissau}
14%
Israel
14%
Latvia
14%
Zambia
14%
Zimbabwe
14%
Chad
13%
China
13%
Cuba
13%
Czech Republic
13%
Laos
13%
Romania
13%
Russia
13%
Central AfricanRepublic
12%
Comoros
12%
Costa Rica
12%
Croatia
12%
Dominican Republic
12%
Ecuador
12%
Guinea
12%
Liechtenstein
12%
Luxembourg
12%
Vanuatu
12%
Vatican City
12%
Venezuela
12%
Vietnam
12%
Cyprus
11%
East Timor
11%
El Salvador
11%
Lebanon
11%
Lithuania
11%
Estonia
10%
Guyana
10%
Lesotho
10%
Liberia
10%
Libya
10%
Egypt
9%
Equatorial Guinea
9%
Eritrea
9%
Eswatini
9%
Gabon
9%
Georgia
9%
Germany
9%
Palau
9%
Panama
9%
Paraguay
9%
Peru
9%
Poland
9%
Portugal
9%
Ethiopia
8%
Gambia
8%
Greece
8%
Madagascar
8%
Malawi
8%
Pakistan
8%
Papua New Guinea
8%
Uganda
8%
Uruguay
8%
Ghana
7%
Grenada
7%
Guatemala
7%
Philippines
7%
Samoa
7%
Ukraine
7%
United Kingdom
7%
Uzbekistan
7%
Malaysia
6%
Marshall Islands
6%
Saint Kitts and Nevis
6%
Saint Lucia
6%
Saint Vincent and the Grenadines
6%
United Arab Emirates
6%
United States
6%
Maldives
5%
Mexico
5%
Nauru
5%
New Zealand
5%
Nicaragua
5%
Mali
4%
Malta
4%
Mauritania
4%
Mauritius
4%
Myanmar
4%
Namibia
4%
Nepal
4%
Netherlands
4%
Niger
4%
Nigeria
4%
San Marino
4%
Solomon Islands
4%
Tuvalu
4%
Moldova
3%
Monaco
3%
Mongolia
3%
Montenegro
3%
Morocco
3%
Mozambique
3%
North Korea
3%
North Macedonia
3%
Norway
3%
Suriname
3%
Tonga
3%
São Tomé and Príncipe
2%
Saudi Arabia
2%
Senegal
2%
Serbia
2%
Sweden
2%
Switzerland
2%
Syria
2%
Trinidad and Tobago
2%
Seychelles
1%
Sierra Leone
1%
Singapore
1%
Slovakia
1%
Slovenia
1%
Somalia
1%
South Africa
1%
South Korea
1%
South Sudan
1%
Spain
1%
Sri Lanka
1%
Sudan
1%
Taiwan
1%
Tajikistan
1%
Tanzania
1%
Thailand
1%
Togo
1%
Tunisia
1%
Turkey
1%
Turkmenistan
1%
No matching quizzes found
Score Distribution
Percent of People with Each Score
Percentile by Number Answered
Your Score History
You have not taken this quiz